Normal view
MARC view
- تاريخ الاندلس - الحياة الاجتماعية - الحياة الاقتصادية - العصر العباسي
Entry Topical Term
001 - CONTROL NUMBER
- control field: 65391
003 - CONTROL NUMBER IDENTIFIER
- control field: JO-AjAnu
005 - DATE AND TIME OF LATEST TRANSACTION
- control field: 20240429112636.0
008 - FIXED-LENGTH DATA ELEMENTS
- fixed length control field: 240429|| aca||babn | a|a d
040 ## - CATALOGING SOURCE
- Original cataloging agency: JO-AjAnu
150 ## - HEADING--TOPICAL TERM
- Topical term or geographic name entry element: تاريخ الاندلس - الحياة الاجتماعية - الحياة الاقتصادية - العصر العباسي